| 000 | 00692nas a2200193 i 4500 | ||
|---|---|---|---|
| 001 | 182389 | ||
| 003 | ES-MaACL | ||
| 005 | 20250217134906.0 | ||
| 008 | 130807d19561982sp w| | ||pa d | ||
| 022 | _a0211-3457 | ||
| 245 | 0 | 3 |
_aLa hora XXV _b: al servicio del médico. |
| 260 |
_aBarcelona : _bLYE, _c1956-1982. |
||
| 300 |
_a18 v. : _bil. ; _c18 cm. |
||
| 310 | _aMensual | ||
| 362 | 0 | _aNº 1 (1956)-nº 300 (sept-oct. 1982) | |
| 852 |
_aES-MaACL _j2322-F-1-18 _z.- Donat. herederos de la bibl. de Mª del Pilar Costa Palacín |
||
| 866 | 0 | _o1958 (nº 9-11, 13,15-16), 1960 (nº 37, 39, 41), 1961 (nº 45-47, 50, 52), 1962 (nº 57-58, 64), 1963 (nº 69) | |
| 999 |
_c182389 _d182389 |
||